Central Library OPAC University of Rajshahi
Normal view MARC view

Entry Topical Term

Number of records used in: 3

001 - CONTROL NUMBER

  • control field: 13182

003 - CONTROL NUMBER IDENTIFIER

  • control field: BD-RjUL

005 - DATE AND TIME OF LATEST TRANSACTION

  • control field: 20240526184456.0

008 - FIXED-LENGTH DATA ELEMENTS

  • fixed length control field: 240526|| aca||aabn | a|a d

040 ## - CATALOGING SOURCE

  • Original cataloging agency: BD-RjUL
  • Transcribing agency: BD-RjUL

150 ## - HEADING--TOPICAL TERM

  • Topical term or geographic name entry element: Diptera
  • Form subdivision: Sex-ratio

670 ## - SOURCE DATA FOUND

  • Source citation: Work cat.: (BD-RjUL)83825: Biswas, Chitta Ranjan 13181, Studies on the selection of sex-ratio distortion in common house mosquito culex pipiens fatigans wied. (Diptera : , 1982